000 00326nam a2200145Ia 4500
100 _aKinnear /T.C&Taylor/ J.R/ Rubin/R.S
942 _cBK
654 _amarketing
245 _aMarketing research
260 _bMcGraw Hill
_aNew York
_c1987
082 _a658.83
_bKEN/TAY
300 _a718
546 _aENGLISH
999 _c30790
_d30790